000 01420nam a2200385 c 4500
003 BLK
005 20250128005519.0
008 180413b bul|||||r ||||||| ||bul||
010 _aKNG00023502000
020 _a954-07-1135-5
_bиздат.: Век 21
040 _aBLK
041 _aBUL
_cBUL
080 _aПарламент и правителство
_b328.1
_x(497.2):159.964.2
_z328.1(497.2):159.964.2
080 _aВътрешна политика. Вж и 329
_b323
_x(497.2)
_z323(497.2)
100 1 _aКарев, Георги Бенчев
_eпърви автор
_9265519
139 _aКарев, Георги Бенчев
_bК 88
245 1 0 _aПарламентарните грешки по Фройд
_cГеорги Бенчев Карев.
257 _aBGR
260 София
_bВек 21
_c1998
300 _a362 с.
_c20 см
380 _a3
500 _a350 тир.
650 4 _aНародни представители - България - език и стил
_9265520
650 0 _aВътрешна политика - България
_9249071
651 4 _aБългария
_9241624
653 _aдепутати
653 _aезикова култура
653 _aпсихоанализа
852 _aЦб 197683
856 4 _qpdf
_u
856 4 _qpdf
_u
942 _cKNG
_n0
_01
944 _aCR
_c15.01.2003
_k
_lCRON CRON
944 _aED
_c21.10.2010
_k
999 _c21226
_d21226